[Event "IND-ch U15 39th"]
[Site "Kolkata"]
[Date "2013.08.07"]
[Round "2"]
[White "Subhasis, Barik"]
[Black "Sidhant, Mohapatra"]
[Result "0-1"]
[WhiteElo "1811"]
[BlackElo "2239"]
[PlyCount "144"]
[EventDate "2013.08.06"]
[EventType "swiss"]
[EventRounds "11"]
[EventCountry "IND"]
[SourceTitle "CBM 155 Extra"]
[Source "ChessBase"]
[SourceDate "2013.08.26"]
[SourceVersion "1"]
[SourceVersionDate "2013.08.26"]
[SourceQuality "1"]

1. d4 d5 2. c4 c6 3. Nc3 Nf6 4. Bf4 e6 5. e3 Bd6 6. Bxd6 Qxd6 7. Nf3 Nbd7 8. Bd3 0-0 9. 0-0 a6 10. Qc2 e5 11. cxd5 cxd5 12. dxe5 Nxe5 13. Be2 Be6 14. Qd2 Rfd8 15. Qd4 Nc6 16. Qh4 Rac8 17. Rfd1 Qe7 18. Bd3 h6 19. Nd4 Nxd4 20. Qxd4 Qc7 21. Be2 b5 22. Rac1 Qb8 23. a3 Qb7 24. h3 Nd7 25. e4 dxe4 26. Nxe4 Nf8 27. Qe3 Rxd1+ 28. Rxd1 Qe7 29. Nc3 Ng6 30. Bg4 Rc6 31. Qe4 Qc7 32. Bxe6 Rxe6 33. Qd3 Qe5 34. Qd5 Qf4 35. g3 Qe5 36. Qxe5 Nxe5 37. b3 g5 38. Kg2 Nc6 39. Nd5 Na5 40. Rd3 Kg7 41. b4 Nc4 42. Ne3 Ne5 43. Rd8 Rc6 44. Nf5+ Kh7 45. Rd6 Rxd6 46. Nxd6 Kg6 47. Ne8 Nc4 48. Nc7 Nxa3 49. Nxa6 Nc2 50. f4 gxf4 51. gxf4 Kf5 52. Kf3 Nd4+ 53. Ke3 Ne6 54. Kf3 Nxf4 55. Nc7 Nd3 56. Nxb5 Nxb4 57. Nd6+ Kg6 58. Kg4 Nd5 59. h4 f5+ 60. Kf3 Kf6 61. Nc4 Ke6 62. Kg3 Ne7 63. Kf4 Ng6+ 64. Kg3 Kd5 65. Nd2 Ke5 66. Nc4+ Ke6 67. h5 Ne7 68. Ne3 Nd5 69. Ng2 Kf6 70. Kh4 Ke5 71. Kg3 Ke4 72. Kf2 Nf4 0-1